000 00756nam a22002297a 4500
005 20170124110027.0
010 _aA-321905
020 _c00.00
_a8121201195
035 _aA-321905
037 _bCen Lib/Ret
040 _aDPL
_bEN
082 _a574.5
_bBAN
100 _aBanerjee, Brojendra Nath
_99572
245 _aEnvironmental pollution and Bhopal killings /
_cby Brojendra Nath Banerjee
260 _aDelhi
_bGian Publishing House
_c1987
270 _bDelhi
_a29/6, Shakti Nagar
_e110007
300 _a190p.
_c22m(Hb)
500 _aIncludes bibliographical references and index
650 _aEnvironmental Pollution -- adverse effects -- India
_920895
650 _aDisasters -- India
_920896
942 _2ddc
_cEN
_h574.5
_mBAN
999 _c127576
_d127576